[Event "ENG-ch Schools"]
[Site "Nottingham"]
[Date "2025.06.26"]
[Round "5.3"]
[White "Rughani, Mahin"]
[Black "Bharadwaj, Arjun Kartik"]
[Result "1-0"]
[WhiteElo "2029"]
[BlackElo "1816"]
[PlyCount "81"]
[EventDate "2025.06.25"]
[EventType "team-swiss"]
[EventRounds "6"]
[EventCountry "ENG"]
[SourceTitle "CB27_2025"]
[SourceDate "2025.07.02"]
[SourceVersion "1"]
[SourceVersionDate "2025.07.02"]
[SourceQuality "1"]
[WhiteTeam "Altrincham Grammar"]
[BlackTeam "University College"]
[WhiteTeamCountry "ENG"]
[BlackTeamCountry "ENG"]

1. d4 d5 2. c4 dxc4 3. e3 Nf6 4. Bxc4 e6 5. Nf3 a6 6. Be2 b5 7. 0-0 Bb7 8. a3 Nbd7 9. Nbd2 Bd6 10. b3 Rc8 11. Bb2 0-0 12. b4 Nb6 13. Rc1 Ne4 14. Nb3 Bd5 15. Na5 c6 16. Bd3 Bb8 17. Bxe4 Bxe4 18. Nd2 Bd3 19. Re1 Qd7 20. Qb3 Bg6 21. Qd1 Bc7 22. Ndb3 Na4 23. Ba1 Rfe8 24. Qf3 e5 25. Qxc6 Qg4 26. Qf3 Qxf3 27. gxf3 Bxa5 28. Nxa5 exd4 29. Bxd4 h5 30. Kg2 Bf5 31. Nb7 Rcd8 32. Nxd8 Rxd8 33. Rc6 Bc8 34. Rec1 Bb7 35. Rc7 Bd5 36. Rc8 Rxc8 37. Rxc8+ Kh7 38. Rd8 Bc6 39. Rd6 Bb7 40. Rd7 Bc8 41. Rxf7 1-0